01133 2200349 4500001002100000005001500021035002000036007000300056008004100059020002200100040002200122082001600144084001800160090002200178100002900200245011000229250002600339300004800365500001100413650002500424700004400449700003600493700003800529850001200567504003300579264005300612336002100665337003000686338002300716999002200739990002200761INLIS00000000085964920210507084624 a0010-0521000230ta210507t2020 yoia g 1 ind d a978-602-450-474-8 aYOPDYOGbindcrda04223a370.114 a370.114 KAR p aCB-D.11 2020-24570 aKarimatul Ummahepenulis10aPendidikan pancasila /cpenulis, Karimatul Ummah, Nurmalita Ayuningtyas Harahap, Siti Ruhama Mardhatillah aCetakan I, April 2020 ax, 127 halaman :bilustrasi, tabel ;c23 cm aindeks 4aPendidikan Pancasila1 aHarahap, Nurmalita Ayuningtyasepenulis0 aAyunita Nur Rohanawatiepenulis0 aSiti Ruhama Mardhatillahepenulis aYOPDYOG aBibliografi: halaman 113-11631aYogyakarta :bUniversitas Islam Indonesia,c2020 2rdacontentateks 2rdamediaatanpa perantara 2rdacarrieravolume aCB-D.11/2020-2457 aCB-D.11/2020-2457